Arithmetique des algèbres de quaternions
Guardat en:
| Autor principal: | |
|---|---|
| Format: | Llibre |
| Idioma: | francès |
| Publicat: |
Berlín
Springer-Verlag
1980
|
| Col·lecció: | Lecture Notes in Mathematics, 800
|
| Matèries: | |
| Etiquetes: |
Afegir etiqueta
Sense etiquetes, Sigues el primer a etiquetar aquest registre!
|
MARC
| LEADER | 00000nam a2200000 a 4500 | ||
|---|---|---|---|
| 001 | UCP1658 | ||
| 003 | CL-VaPUC | ||
| 008 | 990416e19800000GW |||||||||||||||||fre|d | ||
| 082 | 0 | 4 | |a 512.24 |b VIG |2 21 |
| 100 | 0 | |a Vignéras, Marie-France |e author |9 427837 | |
| 245 | 1 | 0 | |a Arithmetique des algèbres de quaternions |
| 300 | |a 169 p | ||
| 942 | |c BK | ||
| 945 | |d 19990416 00:00:00 |a crobeson | ||
| 260 | |a Berlín |b Springer-Verlag |c 1980 | ||
| 650 | 0 | |a Teoría de grupos |9 270028 | |
| 650 | 0 | |a Automorfismo |9 427838 | |
| 650 | 0 | |a Teoría de campos |9 316480 | |
| 583 | |a last modification |c 19990416 00:00:00 |k Rodrigo Vera | ||
| 490 | 0 | |a Lecture Notes in Mathematics, 800 | |
| 999 | |c 280320 |d 280318 | ||
| 952 | |0 0 |1 0 |4 0 |6 512_240000000000000_VIG_1980 |7 0 |8 A |9 320571 |a BIBMAT |b BIBMAT |d 2019-11-20 |i 1343912 |o 512.24 VIG 1980 |p 1343912 |r 2025-01-07 |w 2019-11-20 |y BK |k MAT | ||